Normal view
MARC view
- Frederick E. Giesecke ... [et al.]
Entry Personal Name
001 - CONTROL NUMBER
- control field: 100241
003 - CONTROL NUMBER IDENTIFIER
- control field: NUST
005 - DATE AND TIME OF LATEST TRANSACTION
- control field: 20221013190828.0
008 - FIXED-LENGTH DATA ELEMENTS
- fixed length control field: 221013|| aca||aabn | a|a d
040 ## - CATALOGING SOURCE
- Original cataloging agency: NUST
- Transcribing agency: NUST
100 ## - HEADING--PERSONAL NAME
- Personal name: Frederick E. Giesecke ... [et al.]
670 ## - SOURCE DATA FOUND
- Source citation: Work cat.: (NUST)193495: Frederick E. Giesecke ... [et al.]., Technical drawing /, c1991.
